000 00346nam a2200157Ia 4500
100 _aSpalding/Robert
650 _astorage networks
942 _cBK
366 _f25
245 _aComplete Reference Storage Networks
260 _bMcGraw - Hill
_c2003
082 _a4.68
_bSPA
300 _a526
546 _aENGLISH
_cComputers
999 _c32660
_d32660